000 00593nam a22001817a 4500
005 20251108165317.0
008 250721s1993 xx 000 0 ara d
082 1 4 _a632.9/إسم
100 1 _aإسماعيل، إسماعيل إسماعيل
245 1 0 _aالحشرات الإقتصادية /
264 1 _aالقاهرة :
_bجامعة القاهرة - التعليم المفتوح،
_c1993.
300 _a402ص
650 1 7 _aالآفات الزراعية
650 1 7 _aأمراض النبات
700 1 _aعوض الله، كمال توفيق
942 _2ddc
_cBK
999 _c24756
_d24756